Trustees of the Dennis Rye Pension Fund & another v Sheffield CC (Record no. 54481)
[ view plain ]
| 000 -LEADER | |
|---|---|
| fixed length control field | 01222cab a2200253 4500 |
| 001 - CONTROL NUMBER | |
| control field | ABS58793 |
| 008 - FIXED-LENGTH DATA ELEMENTS--GENERAL INFORMATION | |
| fixed length control field | 090401t1998 xxu||||| |||| 00| 0 eng d |
| 035 ## - SYSTEM CONTROL NUMBER | |
| System control number | (Sirsi) u86548 |
| 041 ## - LANGUAGE CODE | |
| Language code of text/sound track or separate title | eng |
| 245 ## - TITLE STATEMENT | |
| Title | Trustees of the Dennis Rye Pension Fund & another v Sheffield CC |
| 260 ## - PUBLICATION, DISTRIBUTION, ETC. | |
| Date of publication, distribution, etc. | 1998 |
| 350 ## - PRICE (NR) (BK AM CF MU VM SE) [OBSOLETE] | |
| Price | 0 |
| 490 ## - SERIES STATEMENT | |
| Series statement | Weekly Law Reports |
| Volume/sequential designation | [1998] 1 WLR 840-853(14) |
| 520 ## - SUMMARY, ETC. | |
| Summary, etc. | CA 31 July 1997. S served T with a repair notice requiring them to repair various premises to make them fit for human habitation. T carried out repairs and applied to S for improvement grants. Whilst these were initially approved, S refused to pay as the repair works were not up to the required standard. T brought proceedings for payment under private law. The district judge threw out this claim as the decision could only be heard through judicial review. "Held" Claim can be brought through private law. |
| 650 ## - SUBJECT ADDED ENTRY--TOPICAL TERM | |
| Topical term or geographic name entry element | IMPROVEMENT GRANTS |
| 650 ## - SUBJECT ADDED ENTRY--TOPICAL TERM | |
| Topical term or geographic name entry element | JUDICIAL REVIEW |
| 650 ## - SUBJECT ADDED ENTRY--TOPICAL TERM | |
| Topical term or geographic name entry element | PRIVATE LAW |
| 650 ## - SUBJECT ADDED ENTRY--TOPICAL TERM | |
| Topical term or geographic name entry element | REPAIR NOTICES |
| 650 ## - SUBJECT ADDED ENTRY--TOPICAL TERM | |
| Topical term or geographic name entry element | STATUTORY DUTY |
| 650 ## - SUBJECT ADDED ENTRY--TOPICAL TERM | |
| Topical term or geographic name entry element | TRUSTEES OF THE DENNIS RYE PENSION FUND AND ANOTHER V SHEFFIELD CC |
| 690 ## - LOCAL SUBJECT ADDED ENTRY--TOPICAL TERM (OCLC, RLIN) | |
| Topical term or geographic name as entry element | PROPERTY LAW AND PRACTICE-CASE LAW |
| 942 ## - ADDED ENTRY ELEMENTS (KOHA) | |
| Suppress in OPAC | 0 |
| 948 ## - LOCAL PROCESSING INFORMATION (OCLC); SERIES PART DESIGNATOR (RLIN) | |
| c (OCLC) | 02/06/1998 |
| Withdrawn status | Lost status | Source of classification or shelving scheme | Damaged status | Not for loan | Home library | Current library | Shelving location | Date acquired | Total Checkouts | Full call number | Barcode | Date last seen | Copy number | Price effective from | Koha item type |
|---|---|---|---|---|---|---|---|---|---|---|---|---|---|---|---|
| Dewey Decimal Classification | London | London | Journal article | 14/09/1999 | ABS58793 | 86548-1001 | 06/08/2019 | 1 | 06/08/2019 | Law report |